| 000 | 00400nam a2200145Ia 4500 | ||
|---|---|---|---|
| 008 | 150201s2000 xx 000 0 und d | ||
| 082 |
_a617.6342 _bC2000B |
||
| 100 | _aBURIG RUDOLF | ||
| 245 | _aCOLOUR ATLAS OF DENTAL MEDICINE : ENDODONTICS | ||
| 250 | _a1ST | ||
| 260 |
_bTHIENE PUBLICATION _aNEW YORK _c2000 |
||
| 300 | _a1-309 | ||
| 650 | _aCONSERVATIVE DENTISTRY & ENDODONTICS | ||
| 942 |
_2ddc _cBK |
||
| 999 |
_c3458 _d3458 |
||